[Event "HUN-chT 1819"]
[Site "Hungary"]
[Date "2019.01.27"]
[Round "4.5"]
[White "Balint, Vilmos"]
[Black "Csirik, Andras"]
[Result "1-0"]
[WhiteElo "2299"]
[BlackElo "2213"]
[PlyCount "85"]
[EventDate "2018.11.17"]
[EventType "team-tourn"]
[EventRounds "9"]
[EventCountry "HUN"]
[SourceTitle "CBM 188 Extra"]
[Source "ChessBase"]
[SourceDate "2019.02.26"]
[SourceVersion "1"]
[SourceVersionDate "2019.02.26"]
[SourceQuality "1"]
[WhiteTeam "Dunaharaszti"]
[BlackTeam "Maroczy"]
[WhiteTeamCountry "HUN"]
[BlackTeamCountry "HUN"]

1. Nf3 Nf6 2. g3 g6 3. Bg2 Bg7 4. 0-0 0-0 5. c4 d6 6. d4 Nbd7 7. Nc3 e5 8. e4 a6 9. h3 exd4 10. Nxd4 Ne5 11. Qe2 c5 12. Nc2 Rb8 13. f4 Nc6 14. Be3 Nh5 15. Qf2 Na5 16. g4 Nf6 17. Qe2 Be6 18. Nd5 b5 19. e5 dxe5 20. Rad1 Nxc4 21. Bxc5 Bxd5 22. fxe5 Re8 23. Qf2 Rxe5 24. Nb4 Qe8 25. Nxd5 Ne4 26. Bxe4 Rxe4 27. Rde1 Rxe1 28. Rxe1 Qd8 29. Ne7+ Kh8 30. Nc6 Qc7 31. Nxb8 Qxb8 32. Bd4 Bxd4 33. Qxd4+ Kg8 34. Kh1 Qb7+ 35. Qe4 Qxe4+ 36. Rxe4 Nxb2 37. Re8+ Kg7 38. Ra8 Na4 39. Rxa6 Nc3 40. a3 Nd5 41. Rd6 Ne3 42. Rc6 f5 43. g5 1-0

[Event "HUN-chT2 Maroczy 1718"]
[Site "Hungary"]
[Date "2017.11.26"]
[Round "2.8"]
[White "Csirik, Andras"]
[Black "Czegledi, Barna Jr"]
[Result "1-0"]
[WhiteElo "2241"]
[BlackElo "2144"]
[PlyCount "81"]
[EventDate "2017.10.29"]
[EventType "team-tourn"]
[EventRounds "9"]
[EventCountry "HUN"]
[SourceTitle "EXT 2021"]
[Source "ChessBase"]
[SourceDate "2020.10.23"]
[SourceVersion "1"]
[SourceVersionDate "2020.10.23"]
[SourceQuality "1"]
[WhiteTeam "Szeged Maroczy"]
[BlackTeam "Budapest Vasas"]
[WhiteTeamCountry "HUN"]
[BlackTeamCountry "HUN"]

1. e4 c5 2. Nf3 Nc6 3. d4 cxd4 4. Nxd4 Nf6 5. Nc3 d6 6. Bg5 e6 7. Qd2 a6 8. 0-0-0 Be7 9. f4 Nxd4 10. Qxd4 b5 11. Be2 Bb7 12. Bf3 Rc8 13. e5 Bxf3 14. exf6 gxf6 15. gxf3 Rc4 16. Qa7 fxg5 17. Qxa6 Rxf4 18. Nxb5 d5 19. Qc6+ Kf8 20. Rd3 Kg7 21. Rg1 Rc4 22. Qxc4 dxc4 23. Rxd8 Rxd8 24. Rg4 h5 25. Rxc4 g4 26. Rd4 Rxd4 27. Nxd4 Bd6 28. fxg4 hxg4 29. Kd2 Kf8 30. a4 Ke7 31. a5 Kd7 32. a6 Kc8 33. Ke2 Bxh2 34. b4 Bg1 35. Nc6 f5 36. c4 f4 37. Ne5 g3 38. Kf3 Be3 39. c5 Kb8 40. b5 Ka7 41. Nc6+ 1-0

[Event "HUN-chT2 Maroczy 1415"]
[Site "Hungary"]
[Date "2015.02.08"]
[Round "6"]
[White "Kovacs, Marton"]
[Black "Csirik, Andras"]
[Result "1/2-1/2"]
[WhiteElo "2156"]
[BlackElo "2257"]
[PlyCount "36"]
[EventDate "2014.10.12"]
[EventType "team-tourn"]
[EventRounds "9"]
[EventCountry "HUN"]
[SourceTitle "EXT 2016"]
[Source "ChessBase"]
[SourceDate "2015.10.08"]
[SourceVersion "1"]
[SourceVersionDate "2015.10.08"]
[SourceQuality "1"]
[WhiteTeam "Hajduboszormeny"]
[BlackTeam "Maroczy"]
[WhiteTeamCountry "HUN"]
[BlackTeamCountry "HUN"]

1. d4 Nf6 2. Nf3 g6 3. Bf4 Bg7 4. Nc3 d5 5. e3 0-0 6. Nb5 Na6 7. c4 c6 8. Nc3 Qb6 9. Qb3 Qxb3 10. axb3 Bf5 11. Be2 Nh5 12. Bg3 Nxg3 13. hxg3 Nb4 14. 0-0 b6 15. Na2 Nxa2 16. Rxa2 Bc2 17. Ra3 a5 18. g4 a4 1/2-1/2

[Event "HUN-chT 1314"]
[Site "Hungary"]
[Date "2014.04.13"]
[Round "8"]
[White "Toth, Sarolta"]
[Black "Csirik, Andras"]
[Result "0-1"]
[WhiteElo "2174"]
[BlackElo "2307"]
[PlyCount "72"]
[EventDate "2013.09.08"]
[EventType "team-tourn"]
[EventRounds "9"]
[EventCountry "HUN"]
[SourceTitle "EXT 2015"]
[Source "ChessBase"]
[SourceDate "2014.11.20"]
[SourceVersion "1"]
[SourceVersionDate "2014.11.20"]
[SourceQuality "1"]
[WhiteTeam "Decs"]
[BlackTeam "Mako"]
[WhiteTeamCountry "HUN"]
[BlackTeamCountry "HUN"]

1. Nf3 Nf6 2. c4 g6 3. g3 Bg7 4. Bg2 0-0 5. 0-0 d6 6. Nc3 e5 7. d3 Nc6 8. Rb1 a5 9. a3 h6 10. b4 axb4 11. axb4 Be6 12. b5 Ne7 13. Bb2 Qd7 14. Re1 Bh3 15. Bh1 Ng4 16. Ra1 Rab8 17. Ra7 f5 18. Qb3 Kh7 19. Rea1 Qe6 20. e4 f4 21. Nd1 g5 22. d4 Ng6 23. d5 Qe8 24. Nd2 Nf6 25. f3 g4 26. Nf2 h5 27. b6 c5 28. dxc6 Qxc6 29. Ba3 Bh6 30. Nb1 Rfc8 31. c5 dxc5 32. Nc3 c4 33. Qb5 fxg3 34. hxg3 Be3 35. Bg2 Bxg2 36. Kxg2 Bxb6 0-1

[Event "HUN-chT 1112"]
[Site "Hungary"]
[Date "2012.05.20"]
[Round "11"]
[White "Csirik, Andras"]
[Black "Szabo, Zsolt2222"]
[Result "1-0"]
[WhiteElo "2304"]
[BlackElo "2335"]
[PlyCount "61"]
[EventDate "2011.09.25"]
[EventType "team-tourn"]
[EventRounds "11"]
[EventCountry "HUN"]
[SourceTitle "EXT 2013"]
[Source "ChessBase"]
[SourceDate "2012.11.22"]
[SourceVersion "1"]
[SourceVersionDate "2012.11.22"]
[SourceQuality "1"]
[WhiteTeam "Mako"]
[BlackTeam "Honved"]
[WhiteTeamCountry "HUN"]
[BlackTeamCountry "HUN"]

1. e4 d6 2. d4 g6 3. Nc3 Bg7 4. Be3 c6 5. Qd2 Qc7 6. Bc4 b5 7. Bb3 a5 8. a3 Ba6 9. Nf3 b4 10. axb4 axb4 11. Ne2 Nf6 12. Ng3 0-0 13. Bh6 Nbd7 14. h4 Bb7 15. Rxa8 Rxa8 16. 0-0 e6 17. Bxg7 Kxg7 18. Qxb4 c5 19. dxc5 Nxc5 20. Re1 Nxb3 21. Qxb3 d5 22. e5 Ne4 23. Ne2 h6 24. Ned4 g5 25. hxg5 hxg5 26. g4 Kg6 27. Kg2 Ba6 28. Rh1 Qe7 29. Qe3 Bb7 30. Nd2 Ra2 31. Qh3 1-0

[Event "HUN-chT 1112"]
[Site "Hungary"]
[Date "2012.03.25"]
[Round "8"]
[White "Horvath, Gyula"]
[Black "Csirik, Andras"]
[Result "1/2-1/2"]
[WhiteElo "2364"]
[BlackElo "2304"]
[PlyCount "26"]
[EventDate "2011.09.25"]
[EventType "team-tourn"]
[EventRounds "11"]
[EventCountry "HUN"]
[SourceTitle "EXT 2013"]
[Source "ChessBase"]
[SourceDate "2012.11.22"]
[SourceVersion "1"]
[SourceVersionDate "2012.11.22"]
[SourceQuality "1"]
[WhiteTeam "Csuti"]
[BlackTeam "Mako"]
[WhiteTeamCountry "HUN"]
[BlackTeamCountry "HUN"]

1. d4 Nf6 2. Nf3 g6 3. c4 Bg7 4. Nc3 0-0 5. e4 d6 6. Be2 e5 7. Be3 Nbd7 8. 0-0 Re8 9. d5 Nh5 10. g3 Bf8 11. Ne1 Ng7 12. Nd3 f5 13. f3 Be7 1/2-1/2

[Event "HUN-chT 1112"]
[Site "Hungary"]
[Date "2012.03.11"]
[Round "7"]
[White "Keresztes, Richard"]
[Black "Csirik, Andras"]
[Result "0-1"]
[WhiteElo "2273"]
[BlackElo "2304"]
[PlyCount "78"]
[EventDate "2011.09.25"]
[EventType "team-tourn"]
[EventRounds "11"]
[EventCountry "HUN"]
[SourceTitle "EXT 2013"]
[Source "ChessBase"]
[SourceDate "2012.11.22"]
[SourceVersion "1"]
[SourceVersionDate "2012.11.22"]
[SourceQuality "1"]
[WhiteTeam "Toth Laszlo"]
[BlackTeam "Mako"]
[WhiteTeamCountry "HUN"]
[BlackTeamCountry "HUN"]

1. d4 Nf6 2. c4 g6 3. Nc3 Bg7 4. e4 d6 5. Be2 0-0 6. Be3 Nbd7 7. g4 c5 8. d5 b5 9. cxb5 a6 10. a4 Qa5 11. Bd2 Bb7 12. h4 e6 13. g5 Ne8 14. dxe6 fxe6 15. Qb3 c4 16. Qxc4 d5 17. exd5 Nd6 18. Qg4 Rae8 19. Nf3 Qd8 20. 0-0 exd5 21. bxa6 Ba8 22. Be3 Rxf3 23. Qxf3 d4 24. Qf4 Be5 25. Qg4 dxe3 26. f4 Bxc3 27. bxc3 Nf5 28. Rad1 Qc7 29. h5 Nc5 30. Bb5 e2 31. Bxe8 exf1Q+ 32. Rxf1 Ne3 33. Qe2 Nxf1 34. Qxf1 Ne4 35. c4 Qb6+ 36. Kh2 Qb2+ 37. Kg1 Qd4+ 38. Kh2 Qd2+ 39. Kg1 Qe3+ 0-1

[Event "HUN-chT 1112"]
[Site "Hungary"]
[Date "2012.01.29"]
[Round "5"]
[White "Kaposztas, Miklos"]
[Black "Csirik, Andras"]
[Result "1/2-1/2"]
[WhiteElo "2187"]
[BlackElo "2304"]
[PlyCount "36"]
[EventDate "2011.09.25"]
[EventType "team-tourn"]
[EventRounds "11"]
[EventCountry "HUN"]
[SourceTitle "EXT 2013"]
[Source "ChessBase"]
[SourceDate "2012.11.22"]
[SourceVersion "1"]
[SourceVersionDate "2012.11.22"]
[SourceQuality "1"]
[WhiteTeam "Vasas"]
[BlackTeam "Mako"]
[WhiteTeamCountry "HUN"]
[BlackTeamCountry "HUN"]

1. c4 Nf6 2. g3 g6 3. Bg2 Bg7 4. Nc3 0-0 5. e3 d6 6. Nge2 e5 7. 0-0 Nc6 8. d3 Be6 9. Nd5 Qd7 10. Nec3 Nd8 11. e4 c6 12. Nxf6+ Bxf6 13. Bh6 Bg7 14. Bxg7 Kxg7 15. Qd2 f5 16. f4 Nf7 17. b3 Rae8 18. d4 Qc7 1/2-1/2

[Event "HUN-chT 1112"]
[Site "Hungary"]
[Date "2011.11.27"]
[Round "4"]
[White "Csirik, Andras"]
[Black "Mester, Gyula"]
[Result "1/2-1/2"]
[WhiteElo "2304"]
[BlackElo "2425"]
[PlyCount "53"]
[EventDate "2011.09.25"]
[EventType "team-tourn"]
[EventRounds "11"]
[EventCountry "HUN"]
[SourceTitle "EXT 2013"]
[Source "ChessBase"]
[SourceDate "2012.11.22"]
[SourceVersion "1"]
[SourceVersionDate "2012.11.22"]
[SourceQuality "1"]
[WhiteTeam "Mako"]
[BlackTeam "Penzugyor"]
[WhiteTeamCountry "HUN"]
[BlackTeamCountry "HUN"]

1. e4 Nc6 2. Nf3 d6 3. d4 Nf6 4. Bd3 e5 5. c3 Bg4 6. Be3 d5 7. Qb3 exd4 8. Nxd4 Ne5 9. Bc2 c5 10. Ne2 Qd7 11. f3 Be6 12. Nf4 dxe4 13. Nxe6 fxe6 14. Nd2 exf3 15. 0-0-0 fxg2 16. Rhe1 Nd5 17. Bg1 Bd6 18. c4 Nf6 19. Ne4 Nxe4 20. Bxe4 0-0 21. Qh3 Ng6 22. Bxc5 Bf4+ 23. Kb1 Bd2 24. Rg1 Rf1 25. Qxg2 Rxd1+ 26. Rxd1 Qc7 27. Bxg6 1/2-1/2

[Event "HUN-chT U18"]
[Site "Miskolc"]
[Date "2011.11.05"]
[Round "6.3"]
[White "Csirik, Andras"]
[Black "Varga, Melinda"]
[Result "0-1"]
[WhiteElo "2327"]
[BlackElo "2148"]
[PlyCount "88"]
[EventDate "2011.11.02"]
[EventType "team-swiss"]
[EventRounds "8"]
[EventCountry "HUN"]
[SourceTitle "EXT 2012"]
[Source "ChessBase"]
[SourceDate "2011.11.24"]
[SourceVersion "1"]
[SourceVersionDate "2011.11.24"]
[SourceQuality "1"]
[WhiteTeam "Mako"]
[BlackTeam "Haladas"]
[WhiteTeamCountry "HUN"]
[BlackTeamCountry "HUN"]

1. e4 c6 2. d4 d5 3. e5 Bf5 4. Nd2 e6 5. Nb3 Nd7 6. Nf3 Bg6 7. Be2 Ne7 8. 0-0 Nf5 9. Bd2 Be7 10. c4 0-0 11. Na5 Qc7 12. cxd5 cxd5 13. Rc1 Qb6 14. Qa4 Nb8 15. h3 f6 16. g4 Be8 17. Qb3 Nxd4 18. Nxd4 Qxd4 19. Qxb7 Qxd2 20. Rc8 Qxe2 21. Qxe7 Nc6 22. Qxe6+ Bf7 23. Rxf8+ Rxf8 24. Qxc6 fxe5 25. Nb7 Qf3 26. Qc3 Qf6 27. Qc5 e4 28. Nd6 Be6 29. b4 h5 30. Nf5 Bxf5 31. gxf5 Qxf5 32. Rd1 Qg5+ 33. Kh1 Rf5 34. Rg1 Qf4 35. Qxa7 Qf3+ 36. Kh2 Qxf2+ 37. Qxf2 Rxf2+ 38. Kg3 Rf3+ 39. Kh4 e3 40. b5 d4 41. b6 d3 42. b7 Rf8 43. Rb1 d2 44. Kxh5 e2 0-1

[Event "HUN-chT U18"]
[Site "Miskolc"]
[Date "2011.11.04"]
[Round "5.3"]
[White "Havanecz, Bianka"]
[Black "Csirik, Andras"]
[Result "0-1"]
[WhiteElo "2007"]
[BlackElo "2327"]
[PlyCount "52"]
[EventDate "2011.11.02"]
[EventType "team-swiss"]
[EventRounds "8"]
[EventCountry "HUN"]
[SourceTitle "EXT 2012"]
[Source "ChessBase"]
[SourceDate "2011.11.24"]
[SourceVersion "1"]
[SourceVersionDate "2011.11.24"]
[SourceQuality "1"]
[WhiteTeam "Tungsram"]
[BlackTeam "Mako"]
[WhiteTeamCountry "HUN"]
[BlackTeamCountry "HUN"]

1. d4 Nf6 2. c4 g6 3. Nc3 Bg7 4. e4 d6 5. Bd3 c5 6. dxc5 dxc5 7. Nge2 Nc6 8. 0-0 0-0 9. f4 Ng4 10. Bb1 Bd4+ 11. Nxd4 cxd4 12. Ne2 d3 13. Qxd3 Qb6+ 14. Kh1 Nf2+ 15. Rxf2 Qxf2 16. Be3 Qe1+ 17. Ng1 Rd8 18. Qb3 Rd1 19. Bf2 Qd2 20. Be3 Nd4 21. Bxd2 Nxb3 22. axb3 Rxd2 23. Ba2 Rxb2 24. Nf3 Bd7 25. c5 Bc6 26. b4 Bxe4 0-1

[Event "HUN-chT U18"]
[Site "Miskolc"]
[Date "2011.11.03"]
[Round "3.3"]
[White "Csirik, Andras"]
[Black "Marta, Dominik"]
[Result "1-0"]
[WhiteElo "2327"]
[BlackElo "1850"]
[PlyCount "61"]
[EventDate "2011.11.02"]
[EventType "team-swiss"]
[EventRounds "8"]
[EventCountry "HUN"]
[SourceTitle "EXT 2012"]
[Source "ChessBase"]
[SourceDate "2011.11.24"]
[SourceVersion "1"]
[SourceVersionDate "2011.11.24"]
[SourceQuality "1"]
[WhiteTeam "Mako"]
[BlackTeam "Toth Laszlo"]
[WhiteTeamCountry "HUN"]
[BlackTeamCountry "HUN"]

1. e4 c5 2. b3 Nc6 3. Bb2 e6 4. Nf3 d5 5. exd5 exd5 6. d4 cxd4 7. Nxd4 Nf6 8. Bb5 Bd7 9. Qe2+ Be7 10. Nxc6 bxc6 11. Bxf6 gxf6 12. Bd3 Rg8 13. g3 Rg7 14. 0-0 Be6 15. Nd2 Qd6 16. Qe3 Qe5 17. Qf3 Bg4 18. Qg2 Qh5 19. Rfe1 Kd7 20. a3 Bd6 21. c4 Rb8 22. b4 a5 23. b5 cxb5 24. cxd5 f5 25. Qf1 Bc5 26. Bxb5+ Kd6 27. Nc4+ Kc7 28. d6+ Kc8 29. Re8+ Kb7 30. Nxa5+ Ka8 31. Bc6+ 1-0

[Event "HUN-chT U18"]
[Site "Miskolc"]
[Date "2011.11.02"]
[Round "1.3"]
[White "Csirik, Andras"]
[Black "Huszar, Reka"]
[Result "1-0"]
[WhiteElo "2327"]
[BlackElo "1821"]
[PlyCount "47"]
[EventDate "2011.11.02"]
[EventType "team-swiss"]
[EventRounds "8"]
[EventCountry "HUN"]
[SourceTitle "EXT 2012"]
[Source "ChessBase"]
[SourceDate "2011.11.24"]
[SourceVersion "1"]
[SourceVersionDate "2011.11.24"]
[SourceQuality "1"]
[WhiteTeam "Mako"]
[BlackTeam "Kazincbarcika"]
[WhiteTeamCountry "HUN"]
[BlackTeamCountry "HUN"]

1. e4 c5 2. Nf3 Nc6 3. Nc3 e6 4. d4 cxd4 5. Nxd4 Bb4 6. Nxc6 Bxc3+ 7. bxc3 bxc6 8. Ba3 Nf6 9. Bd3 Qa5 10. Bb4 Qe5 11. 0-0 c5 12. f4 Qc7 13. Ba3 c4 14. e5 Nd5 15. Qg4 Bb7 16. Be4 0-0-0 17. Qf3 f5 18. exf6 gxf6 19. f5 Rhg8 20. Rab1 Bc6 21. Bc5 Nxc3 22. Bxc6 Nxb1 23. Rxb1 Qxc6 24. Bd6 1-0

[Event "HUN-chT 1011"]
[Site "Hungary"]
[Date "2011.04.10"]
[Round "8"]
[White "Seres, Lajos"]
[Black "Csirik, Andras"]
[Result "1/2-1/2"]
[WhiteElo "2461"]
[BlackElo "2343"]
[PlyCount "75"]
[EventDate "2010.10.10"]
[EventType "team-tourn"]
[EventRounds "11"]
[EventCountry "HUN"]
[SourceTitle "EXT 2012"]
[Source "ChessBase"]
[SourceDate "2011.11.24"]
[SourceVersion "1"]
[SourceVersionDate "2011.11.24"]
[SourceQuality "1"]
[WhiteTeam "Penzugyor"]
[BlackTeam "Mako"]
[WhiteTeamCountry "HUN"]
[BlackTeamCountry "HUN"]

1. d4 Nf6 2. c4 g6 3. Nc3 Bg7 4. g3 0-0 5. Bg2 d6 6. Nf3 Nbd7 7. 0-0 e5 8. e4 a6 9. Re1 exd4 10. Nxd4 Ng4 11. h3 Qf6 12. Nf3 Nge5 13. Nxe5 Nxe5 14. Qe2 Be6 15. Nd5 Qd8 16. Be3 c5 17. Rad1 Nc6 18. b4 Nd4 19. Qd2 b5 20. bxc5 dxc5 21. Bg5 f6 22. Be3 bxc4 23. Rc1 f5 24. Bg5 c3 25. Rxc3 Qa5 26. exf5 Bxf5 27. g4 Bd7 28. Re7 Bc6 29. Bh6 Bf6 30. Nxf6+ Rxf6 31. Qe3 Qb5 32. Qe5 Bxg2 33. Kxg2 Qc6+ 34. f3 Nxf3 35. Qe4 Qxe4 36. Rxe4 g5 37. Rxf3 Rxh6 38. Rf5 1/2-1/2

[Event "HUN-chT 1011"]
[Site "Hungary"]
[Date "2010.11.07"]
[Round "2"]
[White "Csirik, Andras"]
[Black "Popovics, Adam"]
[Result "0-1"]
[WhiteElo "2343"]
[BlackElo "2402"]
[PlyCount "112"]
[EventDate "2010.10.10"]
[EventType "team-tourn"]
[EventRounds "11"]
[EventCountry "HUN"]
[SourceTitle "EXT 2012"]
[Source "ChessBase"]
[SourceDate "2011.11.24"]
[SourceVersion "1"]
[SourceVersionDate "2011.11.24"]
[SourceQuality "1"]
[WhiteTeam "Mako"]
[BlackTeam "Honved"]
[WhiteTeamCountry "HUN"]
[BlackTeamCountry "HUN"]

1. e4 e5 2. Nf3 Nc6 3. Bb5 a6 4. Ba4 Nf6 5. 0-0 Be7 6. Re1 b5 7. Bb3 0-0 8. c3 d6 9. h3 Nb8 10. d4 Nbd7 11. Nbd2 Bb7 12. Bc2 Re8 13. Nf1 Bf8 14. Ng3 g6 15. b3 Bg7 16. d5 a5 17. Be3 Nc5 18. Qd2 c6 19. c4 cxd5 20. cxd5 b4 21. Bxc5 dxc5 22. a4 Re7 23. Qe3 Ne8 24. Bd3 Rc7 25. Rac1 Nd6 26. Nd2 Qh4 27. Nf3 Qd8 28. Rc2 Rac8 29. Nd2 Qf8 30. Nc4 Nxc4 31. Bxc4 Kh8 32. Qd3 Rd8 33. Ba6 Ba8 34. f3 f5 35. Nf1 Bh6 36. Nd2 Bf4 37. Nf1 Qf6 38. Bb5 h5 39. Rd1 Rf7 40. Qe2 Bh6 41. Qf2 Bf8 42. Ne3 Qg5 43. Qe1 fxe4 44. fxe4 Rf3 45. Nc4 Rxb3 46. Nxa5 Rxh3 47. Nc6 Bxc6 48. dxc6 Rxd1 49. Qxd1 c4 50. Qd5 Qe3+ 51. Rf2 Bc5 52. Qd8+ Kh7 53. Qd7+ Kh6 54. Qxh3 Qxf2+ 55. Kh2 Qg1+ 56. Kg3 Qe1+ 0-1

[Event "HUN-chT U18"]
[Site "Miskolc"]
[Date "2010.11.05"]
[Round "6.3"]
[White "Zsirai, Peter"]
[Black "Csirik, Andras"]
[Result "1/2-1/2"]
[WhiteElo "2000"]
[BlackElo "2339"]
[PlyCount "29"]
[EventDate "2010.11.02"]
[EventType "team-swiss"]
[EventRounds "8"]
[EventCountry "HUN"]
[SourceTitle "EXT 2016"]
[Source "ChessBase"]
[SourceDate "2015.10.08"]
[SourceVersion "1"]
[SourceVersionDate "2015.10.08"]
[SourceQuality "1"]

1. e4 c5 2. Nf3 e6 3. d4 cxd4 4. Nxd4 Nf6 5. Nc3 Nc6 6. Ndb5 Bb4 7. Nd6+ Ke7 8. Nxc8+ Rxc8 9. Bd3 Ne5 10. 0-0 Bxc3 11. bxc3 Qa5 12. Rb1 Nxd3 13. Qxd3 Rhd8 14. c4 d6 15. Rxb7+ 1/2-1/2

[Event "HUN-chT 1011"]
[Site "Hungary"]
[Date "2010.10.10"]
[Round "1"]
[White "Csirik, Andras"]
[Black "Bodiroga, Predrag"]
[Result "1-0"]
[WhiteElo "2343"]
[BlackElo "2398"]
[PlyCount "51"]
[EventDate "2010.10.10"]
[EventType "team-tourn"]
[EventRounds "11"]
[EventCountry "HUN"]
[SourceTitle "EXT 2012"]
[Source "ChessBase"]
[SourceDate "2011.11.24"]
[SourceVersion "1"]
[SourceVersionDate "2011.11.24"]
[SourceQuality "1"]
[WhiteTeam "Mako"]
[BlackTeam "MLTC"]
[WhiteTeamCountry "HUN"]
[BlackTeamCountry "HUN"]

1. e4 c6 2. d4 d5 3. Nc3 g6 4. h3 Bg7 5. Nf3 Nh6 6. exd5 cxd5 7. Bf4 f6 8. Nb5 Na6 9. c4 0-0 10. Nc3 e5 11. dxe5 d4 12. exf6 Qxf6 13. Nd5 Qf7 14. Be2 Be6 15. Ng5 Qd7 16. Nxe6 Qxe6 17. 0-0 Nf5 18. Bf3 Kh8 19. Re1 Qc8 20. Be5 Bxe5 21. Rxe5 Qxc4 22. Rc1 Qb5 23. Rxf5 gxf5 24. Qxd4+ Kg8 25. Ne7+ Kf7 26. Bh5+ 1-0

[Event "Szeged Cup IM"]
[Site "Szeged"]
[Date "2010.10.02"]
[Round "8"]
[White "Csirik, Andras"]
[Black "Joo, Janos"]
[Result "0-1"]
[WhiteElo "2343"]
[BlackElo "2080"]
[PlyCount "62"]
[EventDate "2010.09.25"]
[EventType "tourn"]
[EventRounds "9"]
[EventCountry "HUN"]
[SourceTitle "EXT 2019"]
[Source "ChessBase"]
[SourceDate "2018.10.10"]
[SourceVersion "1"]
[SourceVersionDate "2018.10.10"]
[SourceQuality "1"]

1. e4 c5 2. Nf3 e6 3. d4 cxd4 4. Nxd4 Nf6 5. Nc3 Nc6 6. Ndb5 Bb4 7. a3 Bxc3+ 8. Nxc3 d5 9. exd5 exd5 10. Bd3 d4 11. Ne2 0-0 12. 0-0 Qb6 13. h3 h6 14. b4 Rd8 15. Bb2 a6 16. Re1 Be6 17. Nf4 Bd5 18. Nxd5 Rxd5 19. Qd2 Rad8 20. Re2 Ne5 21. Rae1 Qd6 22. Ba1 b5 23. Be4 Nxe4 24. Rxe4 Nc6 25. g3 Re5 26. f4 Rxe4 27. Rxe4 a5 28. c3 dxc3 29. Re8+ Kh7 30. Qc2+ Qd3 31. Qxd3+ Rxd3 0-1

[Event "Szeged Cup IM"]
[Site "Szeged"]
[Date "2010.10.01"]
[Round "6"]
[White "Csirik, Andras"]
[Black "Tatar Kis, Szabolcs"]
[Result "1/2-1/2"]
[WhiteElo "2343"]
[BlackElo "2376"]
[PlyCount "86"]
[EventDate "2010.09.25"]
[EventType "tourn"]
[EventRounds "9"]
[EventCountry "HUN"]
[SourceTitle "EXT 2019"]
[Source "ChessBase"]
[SourceDate "2018.10.10"]
[SourceVersion "1"]
[SourceVersionDate "2018.10.10"]
[SourceQuality "1"]

1. e4 c6 2. d4 d5 3. Nc3 dxe4 4. Nxe4 Bf5 5. Ng3 Bg6 6. h4 h6 7. Nf3 Nd7 8. h5 Bh7 9. Bd3 Bxd3 10. Qxd3 e6 11. Bf4 Qa5+ 12. Bd2 Bb4 13. c3 Be7 14. c4 Qc7 15. 0-0-0 Ngf6 16. Kb1 0-0 17. Ne4 Rad8 18. Bc3 b5 19. Nxf6+ Nxf6 20. cxb5 cxb5 21. Qxb5 Ne4 22. Ba5 Rb8 23. Bxc7 Rxb5 24. Rc1 Nxf2 25. Rhf1 Nd3 26. Rc2 Nb4 27. Rc4 Rc8 28. Ne5 f6 29. Ng6 Bd6 30. Rfc1 Rxc7 31. Rxc7 Bxc7 32. Rxc7 Rxh5 33. b3 Rg5 34. Nf4 Nd5 35. Nxd5 exd5 36. Rxa7 Rxg2 37. b4 h5 38. b5 h4 39. Ra3 Rg1+ 40. Kb2 Rg2+ 41. Kb1 Rg1+ 42. Kb2 Rg2+ 43. Kb1 Rg1+ 1/2-1/2

[Event "Szeged Cup IM"]
[Site "Szeged"]
[Date "2010.09.30"]
[Round "5"]
[White "Csirik, Andras"]
[Black "Saric, Sinisa"]
[Result "0-1"]
[WhiteElo "2343"]
[BlackElo "2446"]
[PlyCount "166"]
[EventDate "2010.09.25"]
[EventType "tourn"]
[EventRounds "9"]
[EventCountry "HUN"]
[SourceTitle "EXT 2019"]
[Source "ChessBase"]
[SourceDate "2018.10.10"]
[SourceVersion "1"]
[SourceVersionDate "2018.10.10"]
[SourceQuality "1"]

1. e4 d5 2. exd5 Qxd5 3. Nc3 Qa5 4. d4 Nf6 5. Nf3 c6 6. Ne5 Bf5 7. Bd3 Bxd3 8. Qxd3 Nbd7 9. Nxd7 Nxd7 10. 0-0 e6 11. Bd2 0-0-0 12. Ne2 Bb4 13. c3 Bd6 14. c4 Qc7 15. b4 Bxh2+ 16. Kh1 Bd6 17. c5 Be7 18. Bf4 e5 19. dxe5 Nxc5 20. Qf5+ Ne6 21. Qxf7 Nxf4 22. Nxf4 Rhf8 23. Qe6+ Kb8 24. g3 g5 25. Nh5 Bxb4 26. Nf6 Be7 27. Rad1 Bxf6 28. exf6 Rde8 29. Qg4 Rxf6 30. Rd7 Qe5 31. Rxh7 Qd5+ 32. Kg1 Rfe6 33. Qb4 c5 34. Qc3 R6e7 35. Rh5 a6 36. Qc1 Re5 37. Rd1 Qf3 38. Rh2 Qxd1+ 39. Qxd1 Re1+ 40. Qxe1 Rxe1+ 41. Kg2 c4 42. Kh3 Re2 43. Kg4 c3 44. Kxg5 c2 45. Rh1 Rxf2 46. g4 b5 47. Rc1 b4 48. Kh4 a5 49. Kg3 a4 50. Kxf2 b3 51. axb3 axb3 52. Ke2 b2 53. Kd2 b1Q 54. Rxc2 Qb4+ 55. Kd3 Qxg4 56. Rc4 Qf5+ 57. Kc3 Kb7 58. Kd4 Kb6 59. Kc3 Qe5+ 60. Kb3 Qe2 61. Kc3 Kb5 62. Rd4 Kc5 63. Rd3 Qa2 64. Rd2 Qc4+ 65. Kb2 Kb4 66. Rc2 Qd4+ 67. Ka2 Ka4 68. Rb2 Qc4+ 69. Kb1 Ka3 70. Rd2 Qe4+ 71. Kc1 Kb3 72. Kd1 Kc3 73. Rf2 Qg4+ 74. Ke1 Kd3 75. Kf1 Ke3 76. Rh2 Qd1+ 77. Kg2 Qe1 78. Rh3+ Kf4 79. Rf3+ Kg4 80. Rf2 Qd1 81. Rf1 Qd5+ 82. Kh2 Qd2+ 83. Kh1 Kg3 0-1

[Event "Szeged Cup IM"]
[Site "Szeged"]
[Date "2010.09.29"]
[Round "4"]
[White "Tesik, Csaba"]
[Black "Csirik, Andras"]
[Result "1/2-1/2"]
[WhiteElo "2258"]
[BlackElo "2343"]
[PlyCount "26"]
[EventDate "2010.09.25"]
[EventType "tourn"]
[EventRounds "9"]
[EventCountry "HUN"]
[SourceTitle "EXT 2019"]
[Source "ChessBase"]
[SourceDate "2018.10.10"]
[SourceVersion "1"]
[SourceVersionDate "2018.10.10"]
[SourceQuality "1"]

1. e4 e5 2. Nf3 Nc6 3. Bb5 a6 4. Ba4 Nf6 5. 0-0 Be7 6. Re1 d6 7. c3 Bg4 8. h3 Bh5 9. d3 Qd7 10. Nbd2 g5 11. Bxc6 Qxc6 12. d4 exd4 13. Nxd4 Bxd1 1/2-1/2

[Event "Szeged Cup IM"]
[Site "Szeged"]
[Date "2010.09.28"]
[Round "3"]
[White "Csirik, Andras"]
[Black "Adzic, Slobodan"]
[Result "1-0"]
[WhiteElo "2343"]
[BlackElo "2126"]
[PlyCount "45"]
[EventDate "2010.09.25"]
[EventType "tourn"]
[EventRounds "9"]
[EventCountry "HUN"]
[SourceTitle "EXT 2019"]
[Source "ChessBase"]
[SourceDate "2018.10.10"]
[SourceVersion "1"]
[SourceVersionDate "2018.10.10"]
[SourceQuality "1"]

1. e4 e5 2. Nf3 d6 3. d4 Nf6 4. Nc3 Nbd7 5. g4 g6 6. Bg5 exd4 7. Nxd4 Bg7 8. Be2 0-0 9. Qd2 Re8 10. 0-0-0 Nc5 11. f3 Ne6 12. Nxe6 Bxe6 13. e5 dxe5 14. Qxd8 Raxd8 15. Rxd8 Rxd8 16. Ne4 Nxe4 17. Bxd8 Bh6+ 18. Kb1 Nd2+ 19. Ka1 c6 20. g5 Bf8 21. Rd1 Nc4 22. Bxc4 Bxc4 23. Bf6 1-0